[Event "Rilton Cup 51st"]
[Site "Stockholm"]
[Date "2024.01.02"]
[Round "6"]
[White "Tuomainen, Felix"]
[Black "Rakesh, Kumar Jena"]
[Result "0-1"]
[WhiteElo "2209"]
[BlackElo "2335"]
[PlyCount "54"]
[EventDate "2023.12.27"]
[EventType "swiss"]
[EventRounds "9"]
[EventCountry "SWE"]
[SourceTitle "CBM 218 Extra"]
[Source "ChessBase"]
[SourceDate "2024.03.31"]
[SourceVersion "1"]
[SourceVersionDate "2024.03.31"]
[SourceQuality "1"]

1. d4 d5 2. c4 e6 3. Nc3 Nf6 4. Nf3 c6 5. Qc2 Nbd7 6. Bg5 h6 7. Bh4 dxc4 8. a4 Qa5 9. e4 b5 10. Nd2 Ba6 11. e5 Nd5 12. Be2 b4 13. Nce4 b3 14. Qd1 Nf4 15. 0-0 Nxe2+ 16. Qxe2 c3 17. Nc4 Bxc4 18. Qxc4 cxb2 19. Rab1 Qd5 20. Nd2 Ba3 21. a5 Rb8 22. Qa4 Bb4 23. Nxb3 Bc3 24. Qa3 g5 25. Nc5 Nxc5 26. Qxc3 Ne4 27. Qe3 Rb3 0-1

[Event "Rilton Cup 51st"]
[Site "Stockholm"]
[Date "2023.12.30"]
[Round "4"]
[White "Tuomainen, Felix"]
[Black "Lindberg, Bengt"]
[Result "1/2-1/2"]
[WhiteElo "2209"]
[BlackElo "2344"]
[PlyCount "298"]
[EventDate "2023.12.27"]
[EventType "swiss"]
[EventRounds "9"]
[EventCountry "SWE"]
[SourceTitle "CBM 218 Extra"]
[Source "ChessBase"]
[SourceDate "2024.03.31"]
[SourceVersion "1"]
[SourceVersionDate "2024.03.31"]
[SourceQuality "1"]

1. d4 Nf6 2. Bg5 e6 3. Nd2 h6 4. Bh4 d6 5. e4 Nbd7 6. Ngf3 g5 7. Bg3 Nh5 8. Bd3 Bg7 9. c3 Nxg3 10. hxg3 e5 11. Qe2 exd4 12. Nxd4 Ne5 13. 0-0-0 Qe7 14. Bc2 Bd7 15. Nb5 Bxb5 16. Qxb5+ c6 17. Qe2 0-0-0 18. f4 Nd7 19. Kb1 Kb8 20. Qf2 Nb6 21. Rhe1 Qc7 22. Bb3 d5 23. e5 Rhe8 24. Nf3 c5 25. Re2 g4 26. Nh4 a5 27. Nf5 Bf8 28. Red2 Qc6 29. Ne3 c4 30. Bc2 Bc5 31. Qe2 h5 32. Nf5 f6 33. Nd4 Bxd4 34. Rxd4 fxe5 35. fxe5 Qe6 36. Re1 Nd7 37. Qd2 Nxe5 38. Qf4 Qd6 39. Rd2 Re6 40. Rde2 Rde8 41. Qf5 R6e7 42. a3 Nc6 43. Rxe7 Rxe7 44. Rxe7 Qxe7 45. Qxh5 Qe1+ 46. Ka2 d4 47. cxd4 Qd2 48. d5 Nd4 49. Qe5+ Ka7 50. d6 Nxc2 51. Qc5+ Ka6 52. Qxc4+ Ka7 53. Qc5+ Ka6 54. d7 Qxd7 55. Qxc2 Qe6+ 56. Qb3 Qe4 57. a4 b6 58. Qb5+ Kb7 59. Ka3 Qe3+ 60. Qb3 Qe4 61. Qd1 Qb4+ 62. Ka2 Qc4+ 63. Qb3 Qe4 64. Qf7+ Ka6 65. Qf4 Qe6+ 66. Ka3 Kb7 67. b4 axb4+ 68. Kxb4 Qe1+ 69. Kc4 Qd1 70. Qe4+ Ka7 71. Kc3 Qd7 72. Qc4 Qf5 73. Qd4 Qe6 74. Kb2 Kb7 75. Qd3 Qf6+ 76. Kb3 Qe6+ 77. Kc3 Qe5+ 78. Kd2 Qa5+ 79. Ke3 Qxa4 80. Qd5+ Qc6 81. Qf7+ Qc7 82. Qd5+ Kb8 83. Qg8+ Qc8 84. Qg7 Qf5 85. Ke2 b5 86. Qe7 Kc8 87. Qa7 Qe4+ 88. Kf2 b4 89. Kg1 Qc4 90. Kh2 Qb5 91. Qa8+ Kc7 92. Qa7+ Kc6 93. Qa8+ Qb7 94. Qe8+ Kb6 95. Qe3+ Kb5 96. Qe2+ Ka5 97. Qe5+ Qb5 98. Qe7 Qb6 99. Qe5+ Qb5 100. Qa1+ Kb6 101. Qd4+ Qc5 102. Qd8+ Kb5 103. Qd7+ Kc4 104. Qe6+ Qd5 105. Qe2+ Qd3 106. Qa2+ b3 107. Qa6+ Kc3 108. Qa5+ Kc2 109. Qc5+ Kb2 110. Qf2+ Qc2 111. Qd4+ Ka2 112. Qa7+ Kb1 113. Qe7 Qd2 114. Qe4+ Ka2 115. Qc6 Qc2 116. Qb7 Qc3 117. Qa6+ Kb2 118. Qe2+ Qc2 119. Qe7 Qd3 120. Qe5+ Kc2 121. Qc5+ Kd1 122. Qg1+ Ke2 123. Qa7 b2 124. Qb7 Qc2 125. Qb5+ Ke1 126. Qe5+ Qe2 127. Qa5+ Qd2 128. Qb6 Qc3 129. Qe6+ Kd2 130. Qh6+ Kc2 131. Qg6+ Qd3 132. Qc6+ Kd2 133. Qb7 Kc1 134. Qc6+ Qc2 135. Qh6+ Kb1 136. Qg7 Qf5 137. Qh6 Qb5 138. Qh7+ Ka2 139. Qa7+ Kb3 140. Qf7+ Kb4 141. Qe7+ Qc5 142. Qb7+ Kc3 143. Qf7 Qc4 144. Qf6+ Qd4 145. Qc6+ Kd2 146. Qh6+ Kd1 147. Qh7 Qf6 148. Qd3+ Kc1 149. Qf1+ Qxf1 1/2-1/2

[Event "Rilton Cup 51st"]
[Site "Stockholm"]
[Date "2023.12.29"]
[Round "3"]
[White "Citak, Selim"]
[Black "Tuomainen, Felix"]
[Result "1-0"]
[WhiteElo "2350"]
[BlackElo "2209"]
[PlyCount "79"]
[EventDate "2023.12.27"]
[EventType "swiss"]
[EventRounds "9"]
[EventCountry "SWE"]
[SourceTitle "CBM 218 Extra"]
[Source "ChessBase"]
[SourceDate "2024.03.31"]
[SourceVersion "1"]
[SourceVersionDate "2024.03.31"]
[SourceQuality "1"]

1. d4 Nf6 2. c4 e6 3. Nf3 d5 4. Nc3 c6 5. Bg5 Nbd7 6. e3 Qa5 7. Nd2 Bb4 8. Qc2 Ne4 9. Ndxe4 dxe4 10. Bh4 0-0 11. Be2 e5 12. 0-0 exd4 13. Nxe4 f5 14. a3 fxe4 15. axb4 Qxb4 16. Qxe4 Nc5 17. Be7 Nxe4 18. Bxb4 c5 19. Bf3 cxb4 20. Bxe4 Be6 21. exd4 Bxc4 22. Rfc1 Ba6 23. Bd5+ Kh8 24. Be6 h6 25. d5 Rad8 26. Rc7 Rf4 27. Rac1 Rd4 28. h3 h5 29. b3 Be2 30. Rxb7 Rd1+ 31. Rxd1 Bxd1 32. Rxb4 Kh7 33. f4 Kg6 34. Kf2 Kf6 35. Rb7 Rd6 36. g4 hxg4 37. hxg4 Rb6 38. g5+ Kg6 39. Rxb6 axb6 40. d6 1-0

[Event "Rilton Cup 51st"]
[Site "Stockholm"]
[Date "2023.12.28"]
[Round "2"]
[White "Tuomainen, Felix"]
[Black "Wegener, Olaf"]
[Result "1-0"]
[WhiteElo "2209"]
[BlackElo "2413"]
[PlyCount "120"]
[EventDate "2023.12.27"]
[EventType "swiss"]
[EventRounds "9"]
[EventCountry "SWE"]
[SourceTitle "CBM 218 Extra"]
[Source "ChessBase"]
[SourceDate "2024.03.31"]
[SourceVersion "1"]
[SourceVersionDate "2024.03.31"]
[SourceQuality "1"]

1. d4 Nf6 2. c4 e6 3. Nc3 Bb4 4. e3 c5 5. Bd3 0-0 6. a3 Bxc3+ 7. bxc3 Nc6 8. Rb1 b6 9. e4 d6 10. Ne2 Ne8 11. f4 f5 12. 0-0 Na5 13. Ng3 g6 14. d5 Ng7 15. Qe2 Qe7 16. Re1 Qf7 17. e5 Ba6 18. Nf1 Bxc4 19. dxe6 Qxe6 20. Nd2 Bxd3 21. Qxd3 d5 22. Nf3 Qc6 23. Be3 Ne6 24. Rbd1 Rad8 25. Qf1 Nc4 26. Bc1 Rd7 27. Rd3 Rfd8 28. Nh4 Rf8 29. Qf3 b5 30. Red1 Nb6 31. g4 fxg4 32. Qxg4 Ng7 33. Be3 Rdf7 34. Nf3 Ne6 35. Ng5 Nxg5 36. Qxg5 Re8 37. Qg2 Rc8 38. Qg4 Rf5 39. Bf2 Rcf8 40. Bg3 Qc8 41. Qe2 d4 42. cxd4 c4 43. Rf3 Nd5 44. e6 Re8 45. Re1 Qc6 46. Rf2 Nc7 47. e7 Nd5 48. Bh4 Nxf4 49. Qg4 Qd6 50. Re5 h5 51. Qf3 c3 52. Rxf5 c2 53. Rf8+ Kh7 54. Rxc2 Qxd4+ 55. Kf1 Qa1+ 56. Be1 Rxe7 57. Rxf4 Rxe1+ 58. Kg2 Kh6 59. Rf7 Rg1+ 60. Kh3 Qe5 1-0

[Event "Rilton Cup 51st"]
[Site "Stockholm"]
[Date "2023.12.27"]
[Round "1"]
[White "Akesson, Ralf"]
[Black "Tuomainen, Felix"]
[Result "1-0"]
[WhiteElo "2387"]
[BlackElo "2209"]
[PlyCount "111"]
[EventDate "2023.12.27"]
[EventType "swiss"]
[EventRounds "9"]
[EventCountry "SWE"]
[SourceTitle "CBM 218 Extra"]
[Source "ChessBase"]
[SourceDate "2024.03.31"]
[SourceVersion "1"]
[SourceVersionDate "2024.03.31"]
[SourceQuality "1"]

1. Nf3 Nf6 2. c4 e6 3. g3 d5 4. Bg2 Be7 5. d4 0-0 6. 0-0 dxc4 7. Qc2 a6 8. a4 Nbd7 9. Qxc4 b5 10. Qc6 Rb8 11. axb5 axb5 12. Ra7 Bd6 13. Bf4 Rb6 14. Qc2 Bb7 15. Nbd2 Qb8 16. Rfa1 Rc8 17. Nb3 Be4 18. Qc1 Rc6 19. Qf1 Rc2 20. Nfd2 Bxg2 21. Qxg2 Bxf4 22. gxf4 c6 23. Qf3 Nb6 24. Ne4 Nxe4 25. Qxe4 Rxb2 26. f5 exf5 27. Qxf5 Rf8 28. Nc5 Na4 29. Rb7 g6 30. Rxb8 gxf5 31. Nxa4 Rxe2 32. Rxf8+ Kxf8 33. Nc5 Rd2 34. Ra8+ Kg7 35. Ra7 Kg6 36. Rd7 h5 37. h4 b4 38. Kg2 f4 39. Kf3 b3 40. Ne4 Rd3+ 41. Kxf4 b2 42. Rb7 f5 43. Nc5 Rxd4+ 44. Ke3 Rxh4 45. Rxb2 Rh3+ 46. f3 Rh1 47. Nd3 h4 48. Kf4 h3 49. Nf2 Rc1 50. Nxh3 c5 51. Rb6+ Kg7 52. Kxf5 c4 53. Rb7+ Kf8 54. Ng5 c3 55. Kf6 Ke8 56. Ne6 1-0

[Event "SWE-chT 2223 Elite"]
[Site "Sweden"]
[Date "2023.03.10"]
[Round "7.5"]
[White "Tuomainen, Felix"]
[Black "Rothman, Peter"]
[Result "1-0"]
[WhiteElo "2222"]
[BlackElo "2135"]
[PlyCount "67"]
[EventDate "2022.10.14"]
[EventType "team-tourn"]
[EventRounds "9"]
[EventCountry "SWE"]
[SourceTitle "CBM 213 Extra"]
[Source "ChessBase"]
[SourceDate "2023.05.31"]
[SourceVersion "1"]
[SourceVersionDate "2023.05.31"]
[SourceQuality "1"]
[WhiteTeam "Stockholm CC"]
[BlackTeam "Helsingborg"]
[WhiteTeamCountry "SWE"]
[BlackTeamCountry "SWE"]

1. d4 d5 2. c4 c6 3. Nf3 Nf6 4. e3 e6 5. Qc2 b6 6. Bd3 Bb7 7. 0-0 Be7 8. Nc3 Nbd7 9. Rd1 0-0 10. e4 dxe4 11. Nxe4 Nxe4 12. Bxe4 Nf6 13. Bd3 Qc7 14. c5 h6 15. Bd2 a5 16. Rac1 Ba6 17. a3 Bxd3 18. Qxd3 Rfd8 19. Qc2 bxc5 20. dxc5 a4 21. Bc3 Rd5 22. Rd4 Qa7 23. Rxd5 Nxd5 24. Be5 Qb7 25. Nd2 Qb5 26. Ne4 Rd8 27. h3 f6 28. Bd6 e5 29. Bxe7 Nxe7 30. Nd6 Qa6 31. Re1 Nd5 32. Re4 Nf4 33. Rxa4 Qd3 34. Qxd3 1-0

[Event "EU-ch Blitz"]
[Site "Katowice"]
[Date "2022.12.16"]
[Round "16"]
[White "Haydon, David Leslie"]
[Black "Tuomainen, Felix"]
[Result "1-0"]
[WhiteElo "2289"]
[BlackElo "2232"]
[PlyCount "75"]
[EventDate "2022.12.16"]
[EventType "swiss (blitz)"]
[EventRounds "22"]
[EventCountry "POL"]
[SourceTitle "CBM 211 Extra"]
[Source "ChessBase"]
[SourceDate "2023.01.31"]
[SourceVersion "1"]
[SourceVersionDate "2023.01.31"]
[SourceQuality "1"]

1. Nf3 Nf6 2. e3 c5 3. b3 g6 4. Bb2 Bg7 5. c4 0-0 6. Be2 b6 7. 0-0 Bb7 8. Nc3 d5 9. cxd5 Nxd5 10. Qc2 Nc6 11. a3 e6 12. Rfd1 Qe7 13. Rac1 Rac8 14. Ne4 Bxb2 15. Qxb2 f5 16. Nc3 Qg7 17. Bc4 Rcd8 18. d4 Kh8 19. Bxd5 exd5 20. dxc5 bxc5 21. Na4 c4 22. Qxg7+ Kxg7 23. Nc5 Bc8 24. h3 cxb3 25. Nxb3 Rd6 26. Rc5 Rfd8 27. Rdc1 Ne7 28. Rc7 Kf6 29. Nbd4 Be6 30. Rxa7 h6 31. Rcc7 Ng8 32. Nxe6 Kxe6 33. Rg7 g5 34. Rg6+ Nf6 35. Rxh6 g4 36. hxg4 fxg4 37. Nd4+ Ke5 38. Re7+ 1-0

[Event "EU-ch Blitz"]
[Site "Katowice"]
[Date "2022.12.16"]
[Round "7"]
[White "Piesik, Piotr"]
[Black "Tuomainen, Felix"]
[Result "1-0"]
[WhiteElo "2420"]
[BlackElo "2232"]
[PlyCount "53"]
[EventDate "2022.12.16"]
[EventType "swiss (blitz)"]
[EventRounds "22"]
[EventCountry "POL"]
[SourceTitle "CBM 211 Extra"]
[Source "ChessBase"]
[SourceDate "2023.01.31"]
[SourceVersion "1"]
[SourceVersionDate "2023.01.31"]
[SourceQuality "1"]

1. Nf3 Nf6 2. g3 c5 3. Bg2 Nc6 4. 0-0 e5 5. d3 d6 6. c4 g6 7. Nc3 Bg7 8. Rb1 0-0 9. a3 a5 10. Ne1 Be6 11. Nd5 Bxd5 12. cxd5 Ne7 13. e4 Nd7 14. b4 b6 15. Nc2 f5 16. Ne3 f4 17. Nc4 fxg3 18. fxg3 axb4 19. axb4 Nf6 20. bxc5 bxc5 21. Bh3 Rb8 22. Bg5 Rxb1 23. Qxb1 h6 24. Bd2 Kh7 25. Qb7 Kh8 26. Ba5 Qa8 27. Qxe7 1-0

[Event "SWE-chT 2223 Elite"]
[Site "Sweden"]
[Date "2022.10.14"]
[Round "1.1"]
[White "Rothen, Hakan Nils Karl"]
[Black "Tuomainen, Felix"]
[Result "0-1"]
[WhiteElo "2232"]
[BlackElo "2222"]
[PlyCount "96"]
[EventDate "2022.10.14"]
[EventType "team-tourn"]
[EventRounds "9"]
[EventCountry "SWE"]
[SourceTitle "CBM 210 Extra"]
[Source "ChessBase"]
[SourceDate "2022.11.30"]
[SourceVersion "1"]
[SourceVersionDate "2022.11.30"]
[SourceQuality "1"]
[WhiteTeam "Eksjo"]
[BlackTeam "Stockholm CC"]
[WhiteTeamCountry "SWE"]
[BlackTeamCountry "SWE"]

1. d4 Nf6 2. Bf4 d5 3. e3 e6 4. Nd2 Bd6 5. Bg3 0-0 6. Bd3 b6 7. e4 dxe4 8. Nxe4 Bb7 9. Qf3 Bxe4 10. Bxe4 Nxe4 11. Qxe4 Nd7 12. Nf3 Re8 13. 0-0-0 Nf6 14. Qe2 Bxg3 15. hxg3 Qd6 16. Rh4 Rad8 17. Qe5 Qd5 18. b3 c5 19. c4 Qxe5 20. Nxe5 g5 21. Rhh1 Rc8 22. f3 b5 23. dxc5 bxc4 24. Nxc4 Rxc5 25. Rd6 Kg7 26. Kb2 Rb8 27. Kc3 g4 28. Kd4 Rcb5 29. Re1 gxf3 30. gxf3 Rg5 31. g4 h5 32. gxh5 Rxh5 33. Re5 Rh4+ 34. Kd3 Nd5 35. Rg5+ Kf8 36. Rd7 Rh3 37. Rxa7 Rxf3+ 38. Kd4 Ne7 39. Rc5 Rf1 40. Ne5 Rd8+ 41. Ke4 Rdd1 42. Nd7+ Kg7 43. Rg5+ Kh6 44. Rg3 Nc6 45. Rh3+ Kg5 46. Rc7 f5+ 47. Ke3 f4+ 48. Ke4 Rd4# 0-1

[Event "EU-Cup 37th"]
[Site "Mayrhofen"]
[Date "2022.10.06"]
[Round "4.6"]
[White "Haag, Gregor"]
[Black "Tuomainen, Felix"]
[Result "1/2-1/2"]
[WhiteElo "2316"]
[BlackElo "2222"]
[PlyCount "62"]
[EventDate "2022.10.03"]
[EventType "team-swiss"]
[EventRounds "7"]
[EventCountry "AUT"]
[SourceTitle "CBM 210 Extra"]
[Source "ChessBase"]
[SourceDate "2022.11.30"]
[SourceVersion "1"]
[SourceVersionDate "2022.11.30"]
[SourceQuality "1"]
[WhiteTeam "Riehen SG"]
[BlackTeam "Stockholm SS"]
[WhiteTeamCountry "SUI"]
[BlackTeamCountry "SWE"]

1. d4 Nf6 2. c4 c5 3. d5 b5 4. cxb5 a6 5. bxa6 g6 6. Nc3 Bxa6 7. Nf3 Bg7 8. g3 d6 9. Bg2 Nbd7 10. Rb1 Nb6 11. b3 Bb7 12. e4 Ba6 13. Bf1 Bxf1 14. Kxf1 0-0 15. Kg2 Ng4 16. Bb2 Bxc3 17. Bxc3 Rxa2 18. Rb2 Rxb2 19. Bxb2 Qd7 20. h3 Nf6 21. Qd3 Rb8 22. Rd1 Qb7 23. e5 Nfxd5 24. exd6 exd6 25. Qe4 Qc6 26. Kg1 Re8 27. Qh4 f6 28. Ra1 Nd7 29. Qc4 N7b6 30. Qh4 Nd7 31. Qc4 N7b6 1/2-1/2

[Event "Sitges Sunway op 8th"]
[Site "Sitges"]
[Date "2021.12.16"]
[Round "4"]
[White "Perez Garcia, Jimena"]
[Black "Tuomainen, Felix"]
[Result "0-1"]
[WhiteElo "1826"]
[BlackElo "2249"]
[PlyCount "52"]
[EventDate "2021.12.13"]
[EventType "swiss"]
[EventRounds "10"]
[EventCountry "ESP"]
[SourceTitle "CBM 205 Extra"]
[Source "ChessBase"]
[SourceDate "2022.01.31"]
[SourceVersion "1"]
[SourceVersionDate "2022.01.31"]
[SourceQuality "1"]

1. d4 Nf6 2. c4 c5 3. d5 b5 4. cxb5 a6 5. bxa6 g6 6. Nc3 Bg7 7. e4 0-0 8. Nf3 Qa5 9. Bd2 Bxa6 10. Be2 Bxe2 11. Qxe2 Qa6 12. e5 Ne8 13. Qe4 Nc7 14. Bf4 d6 15. h4 e6 16. h5 exd5 17. Nxd5 Nxd5 18. Qxd5 Nc6 19. hxg6 hxg6 20. Bd2 dxe5 21. Ng5 Nd4 22. Qe4 Rad8 23. Rc1 f5 24. Qe3 e4 25. Kd1 f4 26. Qe1 Qa4+ 0-1

[Event "Sitges Sunway op 8th"]
[Site "Sitges"]
[Date "2021.12.14"]
[Round "2"]
[White "Kurmann, Oliver"]
[Black "Tuomainen, Felix"]
[Result "1-0"]
[WhiteElo "2466"]
[BlackElo "2249"]
[PlyCount "75"]
[EventDate "2021.12.13"]
[EventType "swiss"]
[EventRounds "10"]
[EventCountry "ESP"]
[SourceTitle "CBM 205 Extra"]
[Source "ChessBase"]
[SourceDate "2022.01.31"]
[SourceVersion "1"]
[SourceVersionDate "2022.01.31"]
[SourceQuality "1"]

1. e4 e6 2. d4 d5 3. Nc3 dxe4 4. Nxe4 Nd7 5. Nf3 Ngf6 6. Bd3 Be7 7. c3 0-0 8. 0-0 b6 9. Qe2 Bb7 10. Bf4 Nxe4 11. Bxe4 Bxe4 12. Qxe4 Bd6 13. c4 Nf6 14. Qe3 Bxf4 15. Qxf4 Qd6 16. Qe3 Rfd8 17. Rfd1 Rac8 18. Rd3 c5 19. Rad1 cxd4 20. Rxd4 Qe7 21. Ne5 Rxd4 22. Qxd4 h6 23. h4 Qc5 24. Qxc5 Rxc5 25. Rd8+ Kh7 26. Nxf7 Kg6 27. Nd6 Re5 28. Kf1 Ne4 29. f3 Nxd6 30. Rxd6 Kf6 31. Rd7 a5 32. Rb7 Rc5 33. b3 Rc6 34. g4 a4 35. Ke2 axb3 36. axb3 Rd6 37. h5 g6 38. Rh7 1-0

[Event "Hasselbacken op"]
[Site "Stockholm"]
[Date "2021.11.06"]
[Round "6"]
[White "Thorn, Eric"]
[Black "Tuomainen, Felix"]
[Result "1-0"]
[WhiteElo "2313"]
[BlackElo "2224"]
[PlyCount "135"]
[EventDate "2021.11.05"]
[EventType "swiss"]
[EventRounds "8"]
[EventCountry "SWE"]
[SourceTitle "CBM 205 Extra"]
[Source "ChessBase"]
[SourceDate "2022.01.31"]
[SourceVersion "1"]
[SourceVersionDate "2022.01.31"]
[SourceQuality "1"]

1. d4 Nf6 2. c4 e6 3. Nf3 d5 4. g3 Be7 5. Bg2 0-0 6. 0-0 a6 7. Qc2 dxc4 8. Qxc4 b5 9. Qc2 Bb7 10. Bg5 Be4 11. Qc1 c6 12. Nbd2 Bg6 13. Nb3 Be4 14. Rd1 Nfd7 15. Bxe7 Qxe7 16. Qf4 Bd5 17. Nbd2 f5 18. Qc7 Qd8 19. Qd6 Nf6 20. Qxd8 Rxd8 21. a4 Nbd7 22. Ng5 e5 23. Bxd5+ Nxd5 24. Rdc1 exd4 25. Rxc6 Nb4 26. Rc7 Nd5 27. Rcc1 Re8 28. Kf1 N7f6 29. Ngf3 d3 30. exd3 Nb4 31. axb5 axb5 32. Rxa8 Rxa8 33. Ne5 Ng4 34. Ndf3 h6 35. Rc5 Ra2 36. h3 Nxe5 37. Nxe5 Rxb2 38. h4 h5 39. d4 Rb1+ 40. Kg2 Na2 41. Rc8+ Kh7 42. Nf3 g6 43. Rc2 Nb4 44. Rc7+ Kg8 45. Ne5 Nd5 46. Rd7 Nf6 47. Rb7 Ng4 48. Nxg6 Rb2 49. Kg1 Rb1+ 50. Kg2 Rb2 51. Kf1 Rxf2+ 52. Ke1 Rf3 53. Rxb5 Rxg3 54. Ne7+ Kf7 55. Nxf5 Rf3 56. Ke2 Rf4 57. Kd3 Nf6 58. Kc4 Kg6 59. Ne7+ Kf7 60. Nf5 Kg6 61. Ne7+ Kf7 62. Rb7 Ke6 63. Ng6 Rg4 64. Rb6+ Kf5 65. Ne7+ Ke4 66. Re6+ Kf3 67. Rxf6+ Ke3 68. Kc5 1-0

[Event "SWE-chT 1920 Superettan"]
[Site "Sweden"]
[Date "2020.02.29"]
[Round "6"]
[White "Janse, Love"]
[Black "Tuomainen, Felix"]
[Result "1/2-1/2"]
[WhiteElo "2237"]
[BlackElo "2208"]
[PlyCount "87"]
[EventDate "2019.10.18"]
[EventType "team-tourn"]
[EventRounds "9"]
[EventCountry "SWE"]
[SourceTitle "EXT 2023"]
[Source "ChessBase"]
[SourceDate "2022.10.05"]
[SourceVersion "1"]
[SourceVersionDate "2022.10.05"]
[SourceQuality "1"]
[WhiteTeam "Vasteras II"]
[BlackTeam "Stockholm Rockaden II"]
[WhiteTeamCountry "SWE"]
[BlackTeamCountry "SWE"]

1. e4 d5 2. exd5 Qxd5 3. Nc3 Qa5 4. Nf3 Nf6 5. d4 Bf5 6. Ne5 c6 7. Bf4 Nbd7 8. Nc4 Qd8 9. Bd3 Bxd3 10. Qxd3 Nb6 11. 0-0 Nxc4 12. Qxc4 e6 13. Rfe1 Nd5 14. Be5 Nxc3 15. Qxc3 Qb6 16. a3 0-0-0 17. Rad1 Rg8 18. Qg3 Be7 19. c4 Bf6 20. Bxf6 gxf6 21. Qf4 Qxb2 22. d5 Qc2 23. g3 Qf5 24. Qxf5 exf5 25. Kg2 f4 26. Kf3 fxg3 27. hxg3 cxd5 28. Rxd5 Rxd5 29. cxd5 Kd7 30. Rh1 Rg5 31. Rxh7 Ke7 32. Ke4 Re5+ 33. Kd4 Re2 34. f4 Ra2 35. d6+ Ke6 36. f5+ Kxf5 37. Rxf7 Ke6 38. Rxb7 Rxa3 39. d7 Ke7 40. g4 Ra4+ 41. Kd5 Rxg4 42. Rxa7 Rg1 43. d8Q+ Kxd8 44. Rf7 1/2-1/2

[Event "SWE-chT 1920 Superettan"]
[Site "Sweden"]
[Date "2020.02.01"]
[Round "5"]
[White "Tuomainen, Felix"]
[Black "Persson, Andreas"]
[Result "1-0"]
[WhiteElo "2208"]
[BlackElo "2078"]
[PlyCount "69"]
[EventDate "2019.10.18"]
[EventType "team-tourn"]
[EventRounds "9"]
[EventCountry "SWE"]
[SourceTitle "EXT 2023"]
[Source "ChessBase"]
[SourceDate "2022.10.05"]
[SourceVersion "1"]
[SourceVersionDate "2022.10.05"]
[SourceQuality "1"]
[WhiteTeam "Stockholm Rockaden II"]
[BlackTeam "Kristallen"]
[WhiteTeamCountry "SWE"]
[BlackTeamCountry "SWE"]

1. d4 Nf6 2. c4 e6 3. Nc3 Bb4 4. Qc2 0-0 5. Bg5 c5 6. Nf3 d5 7. e3 cxd4 8. exd4 Nc6 9. a3 Be7 10. Rd1 b6 11. Bd3 dxc4 12. Bxc4 Bb7 13. 0-0 Qc7 14. Qe2 Ng4 15. Nb5 Qb8 16. Bxe7 Nxe7 17. Ne5 Nxe5 18. dxe5 Ng6 19. f4 Qc8 20. Nd6 Qc7 21. Rc1 Qe7 22. Bd3 Rad8 23. Be4 Bxe4 24. Qxe4 Rd7 25. b4 Rc7 26. b5 Rxc1 27. Rxc1 Qh4 28. g3 Qg4 29. Kg2 Nh4+ 30. Kf2 Nf5 31. Qf3 Qh3 32. Kg1 h5 33. Ne4 Nd4 34. Qd3 Rd8 35. Qxd4 1-0

[Event "SWE-chT 1920 Superettan"]
[Site "Sweden"]
[Date "2020.01.11"]
[Round "4"]
[White "Larsson, Johan"]
[Black "Tuomainen, Felix"]
[Result "1/2-1/2"]
[WhiteElo "2184"]
[BlackElo "2208"]
[PlyCount "87"]
[EventDate "2019.10.18"]
[EventType "team-tourn"]
[EventRounds "9"]
[EventCountry "SWE"]
[SourceTitle "EXT 2023"]
[Source "ChessBase"]
[SourceDate "2022.10.05"]
[SourceVersion "1"]
[SourceVersionDate "2022.10.05"]
[SourceQuality "1"]
[WhiteTeam "Umea Rockaden"]
[BlackTeam "Stockholm Rockaden II"]
[WhiteTeamCountry "SWE"]
[BlackTeamCountry "SWE"]

1. d4 Nf6 2. Bg5 d5 3. Bxf6 exf6 4. e3 Bd6 5. g3 0-0 6. Bg2 c6 7. Ne2 Bf5 8. Nd2 Qd7 9. 0-0 Bh3 10. Bxh3 Qxh3 11. c4 dxc4 12. Nxc4 Qe6 13. Qd3 Rd8 14. a3 Nd7 15. b4 Bc7 16. Nc3 Ne5 17. Nxe5 fxe5 18. Rfd1 exd4 19. exd4 Bb6 20. d5 Qf6 21. Ra2 h6 22. Rad2 a5 23. b5 a4 24. bxc6 bxc6 25. Ne4 Qe5 26. d6 f5 27. Qc4+ Kh8 28. Nc3 Ba5 29. Rd3 Bxc3 30. Qxc3 Qxc3 31. Rxc3 Ra6 32. Rc5 g6 33. h4 h5 34. d7 f4 35. Re5 Kg7 36. Rd6 fxg3 37. fxg3 Kf7 38. Ree6 Rxd7 39. Rxg6 Rxd6 40. Rxd6 Rb6 41. Kf2 Kg7 42. Rd4 Rb2+ 43. Kf1 Rb3 44. Rxa4 1/2-1/2

[Event "SWE-chT 1819 Superettan"]
[Site "Sweden"]
[Date "2019.03.30"]
[Round "8"]
[White "Bjorklund, Thomas"]
[Black "Tuomainen, Felix"]
[Result "1/2-1/2"]
[WhiteElo "2161"]
[BlackElo "2194"]
[PlyCount "49"]
[EventDate "2018.11.09"]
[EventType "team-tourn"]
[EventRounds "9"]
[EventCountry "SWE"]
[SourceTitle "EXT 2020"]
[Source "ChessBase"]
[SourceDate "2019.10.17"]
[SourceVersion "1"]
[SourceVersionDate "2019.10.17"]
[SourceQuality "1"]
[WhiteTeam "Alingsas"]
[BlackTeam "Stockholm Rockaden II"]
[WhiteTeamCountry "SWE"]
[BlackTeamCountry "SWE"]

1. c4 e5 2. g3 d6 3. Bg2 f5 4. e3 Nf6 5. Ne2 Be7 6. d4 0-0 7. Nbc3 c6 8. dxe5 dxe5 9. Qxd8 Rxd8 10. e4 Na6 11. 0-0 Nb4 12. Bg5 h6 13. Bxf6 Bxf6 14. Rad1 Be6 15. b3 Rxd1 16. Rxd1 Rd8 17. Rxd8+ Bxd8 18. Kf1 Kf7 19. exf5 Bxf5 20. Be4 g6 21. f3 Be7 22. Kf2 Bxe4 23. fxe4 Ke6 24. Ke3 Bg5+ 25. Kf3 1/2-1/2

[Event "SWE-chT 1819 Superettan"]
[Site "Sweden"]
[Date "2019.01.11"]
[Round "6"]
[White "Johansson, Jan"]
[Black "Tuomainen, Felix"]
[Result "0-1"]
[WhiteElo "2344"]
[BlackElo "2194"]
[PlyCount "86"]
[EventDate "2018.11.09"]
[EventType "team-tourn"]
[EventRounds "9"]
[EventCountry "SWE"]
[SourceTitle "EXT 2020"]
[Source "ChessBase"]
[SourceDate "2019.10.17"]
[SourceVersion "1"]
[SourceVersionDate "2019.10.17"]
[SourceQuality "1"]
[WhiteTeam "Upsala"]
[BlackTeam "Stockholm Rockaden II"]
[WhiteTeamCountry "SWE"]
[BlackTeamCountry "SWE"]

1. d4 d5 2. Nf3 Nf6 3. c4 e6 4. Nc3 Be7 5. Bg5 h6 6. Bxf6 Bxf6 7. Qd2 b6 8. cxd5 exd5 9. g3 0-0 10. Bg2 Re8 11. 0-0 c6 12. Rfe1 Bf5 13. b4 Na6 14. Qb2 Qd6 15. b5 cxb5 16. Nxb5 Qe7 17. Qb3 Nb4 18. Rac1 Rac8 19. Nc3 Be4 20. Nxe4 dxe4 21. Ne5 Bxe5 22. dxe5 Nc6 23. e6 f5 24. Bh3 g6 25. Red1 Nd4 26. Qe3 Rxc1 27. Rxc1 Nxe6 28. Qxh6 Qg5 29. Qxg5 Nxg5 30. Bf1 Ne6 31. f3 Nc5 32. Rd1 Kf7 33. h4 Ke7 34. Bh3 Rh8 35. Kg2 exf3+ 36. exf3 Ke6 37. Kf2 Ke5 38. Bf1 Ke6 39. Bc4+ Ke7 40. Ke3 Kf6 41. Rd6+ Kg7 42. Kf4 Rh6 43. Rc6 g5+ 0-1